|
|
|
|
| LEADER |
01349nam a2200361Ia 4500 |
| 001 |
EBC1606696 |
| 003 |
MiAaPQ |
| 005 |
20200520144314.0 |
| 006 |
m o d | |
| 007 |
cr cn||||||||| |
| 008 |
130221s2012 dcu sb 000 0 eng d |
| 020 |
|
|
|z 9781475502916
|
| 020 |
|
|
|a 9781475581171 (electronic bk.)
|
| 035 |
|
|
|a (MiAaPQ)EBC1606696
|
| 035 |
|
|
|a (Au-PeEL)EBL1606696
|
| 035 |
|
|
|a (CaPaEBR)ebr10566297
|
| 035 |
|
|
|a (OCoLC)870244824
|
| 040 |
|
|
|a MiAaPQ
|c MiAaPQ
|d MiAaPQ
|
| 050 |
|
4 |
|a HG1811
|b .U33 2012
|
| 100 |
1 |
|
|a Ueda, Kenichi.
|
| 245 |
1 |
0 |
|a Central bank indepence and macroprudential regulation
|h [electronic resource] /
|c Kenichi Ueda and Fabian Valencia.
|
| 260 |
|
|
|a Washington, D. C. :
|b International Monetary Fund,
|c c2012.
|
| 300 |
|
|
|a 21, 5 p.
|
| 440 |
|
0 |
|a IMF working paper ;
|v WP/12/101
|
| 504 |
|
|
|a Includes bibliographical references.
|
| 533 |
|
|
|a Electronic reproduction. Ann Arbor, MI : ProQuest, 2015. Available via World Wide Web. Access may be limited to ProQuest affiliated libraries.
|
| 650 |
|
0 |
|a Banks and banking, Central.
|
| 650 |
|
0 |
|a Banks and banking.
|
| 655 |
|
4 |
|a Electronic books.
|
| 700 |
1 |
|
|a Valencia, Fabian.
|
| 710 |
2 |
|
|a ProQuest (Firm)
|
| 710 |
2 |
|
|a International Monetary Fund.
|
| 856 |
4 |
0 |
|u https://ebookcentral.proquest.com/lib/matrademy/detail.action?docID=1606696
|z Click to View
|